00424nam a2200157Ia 4500003000900000008004100009020001800050040001600068080001600084100001700100245005900117260003000176300001400206650002800220650001800248IN-BaIIA211028s9999 xx 000 0 eng d a3-527-29298-5 cIIA Library a535.14bBAC aBachor, H. A 2aA Guide to experiments in quantum opticscH. A. Bachor aWeinheimbWiley-VCHc1998 axi, 366p. aquantum models of light aquantum noise